| 000 | 00836aam a2200289 i 4500 | ||
|---|---|---|---|
| 001 | 76714001 | ||
| 003 | CO-MdFUSB | ||
| 005 | 20250908093612.0 | ||
| 007 | ta | ||
| 008 | 250904t1995 ck a|||| |||| 00| 0 spa d | ||
| 020 | _a958-9149-50-2 | ||
| 040 |
_aCO-MdFUSB _bspa _cCO-MdFUSB _dCO-MdFUSB _erda |
||
| 041 | 0 | _aspa | |
| 082 | 0 | 4 |
_223 _a250.2 _bG2161g |
| 100 | 1 |
_aGarcía, Gonzalo _eautor |
|
| 245 | 1 | 0 |
_aGuías prácticas para la administración de la iglesia _c/ Gonzalo García H. |
| 264 | 0 | 1 |
_bCLC, _aBogotá, Colombia : _c[1995] |
| 264 | 0 | 4 | _c©1995 |
| 300 | _a120 páginas | ||
| 336 |
_atexto _btxt _2rdacontent |
||
| 337 |
_2rdamedia _asin mediación _bn |
||
| 338 |
_2rdacarrier _avolumen _bnc |
||
| 563 | _aRústico | ||
| 653 | _aIglesia local - Gobierno y Administracion | ||
| 942 | _cBK | ||
| 945 | _aElías Tolentino | ||
| 999 |
_c36367 _d36367 |
||